Регионална библиотека "Любен Каравелов" - Русе

Оценяването в училище (Запис номер 5471)

MARC детайли
000 -Лидер
Контролно поле с фиксирана дължина 01749nam a2200373 c 4500
003 - Код на организацията, давaща контролен номер
Контролно поле BLK
005 - Дата и час на последна редакция
Контролно поле 20241023154540.0
008 - Елементи от данни с фиксирана дължина
fixed length control field 180412b bul|||||r ||||||| ||bul||
010 ## - Наследен системен номер
LC control number KNG00006661000
020 ## - Международен стандартен номер на книга ISBN
Международен стандартен номер на книга ISBN 954-07-0638-6
-- издат.: Унив. изд. Св. Климент Охридски
040 ## - Източник на каталожния запис
Идентификатор на билиотеката - собственик на записа BLK
041 ## - Код за език
Код за езика на текст/звукозапис или на отделно заглавие Български
Код за езика КДБФ Български
080 ## - УДК
Текстов определител УДК Изпити. Ценз. Състезания, конкурси
УДК код - определител по УДК 371.27
УДК определител
УДК - код + определител 371.27
080 ## - УДК
Текстов определител УДК Образование и статут на учителите и преподавателите. Педагогическа етика - Квалификация на учителите, положение в професията и обществото. Вж и 174
УДК код - определител по УДК 371.13/.16
УДК определител
УДК - код + определител 371.13/.16
100 1# - Редна дума - Автор
Автор Андреев, Марин Лазаров
Авторска отговорност първи автор
R(LIN) 250125
139 ## - Редно поле
Редна дума Андреев, Марин Лазаров
Авторски знак Андр - А 66
245 10 - Сведения за заглавието
Заглавие Оценяването в училище
Подзаглавни данни Доцимология
Редно поле (дума) Марин Лазаров Андреев.
257 ## - Страна на издаване
Страна на създаване/издаване България
260 ## - Област на издателските данни
-- София
Име на издателя, разпространителя и проч. Унив. изд. Св. Климент Охридски
Година на издаване 1995
300 ## - Физическа характеристика
Страници 141 с.
Илюстрации и др. с табл., диагр.
Размери/Мащаб 20 см
380 ## - Жанр
Жанр Обществени науки
650 #4 - Допълнително описание по предмет – тема
Основно описание – тема или топоним Ученици - проверка и оценка на знанията
9 (RLIN) 250126
650 #4 - Допълнително описание по предмет – тема
Основно описание – тема или топоним Учители - професионална дейност - проверка и оценка
9 (RLIN) 250127
653 ## - Ключова дума – ненормативна
Ключова дума училище
653 ## - Ключова дума – ненормативна
Ключова дума изпити
653 ## - Ключова дума – ненормативна
Ключова дума проверки
653 ## - Ключова дума – ненормативна
Ключова дума доцимология
852 ## - Местоположение
Форматна сигнатура Цб 182303
856 4# - Електронен адрес и достъп
Електронен формат pdf - файл
Път до файла /url/
856 4# - Електронен адрес и достъп
Електронен формат pdf - файл
Път до файла /url/
942 ## - АРТИКУЛИ
Вид на библиотечния материал Книги
Скрит в OPAC Не
Koha issues (borrowed), all copies 2
944 ## - СЪЗДАВАНЕ И РЕДАКЦИЯ на ЗАПИСА
Създаване/Редакция Създаване
Дата на регистрацията/редакция 15.01.2003
Служител, извършил регистрацията/редакцията 30575
Статус, дата на статуса Мартин Енчев
944 ## - СЪЗДАВАНЕ И РЕДАКЦИЯ на ЗАПИСА
Създаване/Редакция Редакция
Дата на регистрацията/редакция 09.09.2005
Служител, извършил регистрацията/редакцията
999 ## - СИСТЕМНИ КОНТРОЛНИ НОМЕРА
Koha biblionumber 5471
Koha biblioitemnumber 5471
Наличности
Код за отписване Код за изгубен артикул Източник на класификационната схема Код за повреда Коз за рестрикции Код за отдаване Артикулен № Име на библиотеката - собственик Име на библиотеката, в която се намира в момента Статус (Текущо местоположение) Дата на вписване в системата Местоположение - отдел Цена в лева Инвентарен номер Систематично азбучна сигнатура Баркод Номер на екземпляра Цена в евро Служебна бележка Служебен тип на артикула
  Не е изгубен Universal Decimal Classification Не е повреден без рестрикции ползва се в читалня 9672 Регионална библиотека "Любен Каравелов" Русе Регионална библиотека "Любен Каравелов" Русе Хранилище 2001-01-01 Хранилище 0.99 611676 Цб 182303 120000611676 1 0.51 Дост: Dp Вид: Д N: стар фонд Дата: 01.01.1995 Дата инв: 04.12.2014 Бележки инв: Цб2014 Книги
  Не е изгубен Universal Decimal Classification Не е повреден без рестрикции заемане за дома 9673 Регионална библиотека "Любен Каравелов" Русе Регионална библиотека "Любен Каравелов" Русе Заемна - подръчен фонд 2001-01-01 Заемна - подръчен фонд 4.00 657479 П 371/А 66 120000657479 2 2.05 Дост: Pk Вид: Ф N: стар фонд Дата: 01.01.1995 Дата инв: 05.02.2018 Бележки инв: П2018 Книги
Изтеглен Не е изгубен Universal Decimal Classification Не е повреден без рестрикции заемане за дома 9674 Регионална библиотека "Любен Каравелов" Русе Регионална библиотека "Любен Каравелов" Русе Заемна - подръчен фонд 2001-01-01 Заемна - подръчен фонд 4.00 657480 П 371/А 66 657480 3 2.05 Дост: Pk Вид: Ф N: стар фонд Дата: 01.01.1995 Дата инв: 08.02.2018 Бележки инв: П2018 Книги
  Не е изгубен Universal Decimal Classification Не е повреден без рестрикции заемане за дома 9675 Регионална библиотека "Любен Каравелов" Русе Регионална библиотека "Любен Каравелов" Русе Заемна - подръчен фонд 2001-01-01 Заемна - подръчен фонд 4.00 657481 П 371/А 66 120000657481 4 2.05 Дост: Pk Вид: Ф N: стар фонд Дата: 01.01.1995 Дата инв: 05.02.2018 Бележки инв: П2018 Книги
  Не е изгубен Universal Decimal Classification Не е повреден без рестрикции ползва се в читалня 9676 Регионална библиотека "Любен Каравелов" Русе Регионална библиотека "Любен Каравелов" Русе Читалня 2001-01-01 Читалня 4.00 657482 Ч 37.09/А 66 120000657482 5 2.05 Дост: Pk Вид: Ф N: стар фонд Дата: 01.01.1995 Дата инв: 14.03.2017 Бележки инв: Ч2017 Книги
Vip Innovations Ltd, Rousse, Bulgaria 2025